000
00315nam a22001457a 4500
003
OSt
005
20160727222404.0
008
160623b xxu||||| |||| 00| 0 eng d
040
_c
TEST
100
_9
779
_a
Ottaway, J. H
245
_a
Biochemistry
260
_a
ELBS
_c
1984
300
_a
Biochemistry
942
_2
ddc
_c
BK
999
_c
621
_d
621